| 000 | 00490nam a22001937a 4500 | ||
|---|---|---|---|
| 003 | OSt | ||
| 005 | 20220826124258.0 | ||
| 008 | 220826b |||||||| |||| 00| 0 eng d | ||
| 020 | _a0070549067 | ||
| 040 | _cIFM Library | ||
| 082 | _a005 ..26 8 | ||
| 100 |
_aSaret, Laura _95126 |
||
| 245 | _aProgramming Logic for Business | ||
| 250 | _a3rd ed. | ||
| 260 |
_aNew York : _bMcGraw hill, _c1992 |
||
| 300 |
_axi, 739p.: _biil.; 24cm. |
||
| 500 | _aIncludes Index | ||
| 942 |
_cBK _2ddc _n0 |
||
| 999 |
_c15413 _d15413 |
||